Historia de las naciones : popular, concisa, pintoresca y autorizada relación de cada una de las naciones desde los tiempos más remotos hasta nuestros días : tomo III /
Obra que originalmente constaba de 130 cuadernos de 16 páginas cada uno, en la que se presenta de manera sucinta el desarrollo histórico de la gran mayoría de los países actuales, desde sus orígenes hasta principios del siglo XX. Redactado por destacados historiadores de manera clara y sencilla, se...
Salvato in:
| Altri autori: | |
|---|---|
| Natura: | Libro |
| Lingua: | spagnolo |
| Soggetti: | |
| Tags: |
Nessun Tag, puoi essere il primo ad aggiungerne!!
|
MARC
| LEADER | 00000nam^a2200000^a^4500 | ||
|---|---|---|---|
| 001 | 000380811 | ||
| 005 | 20250526000000.0 | ||
| 009 | 20260310120620.013 | ||
| 037 | |a Acervo Xavier Clavigero | ||
| 041 | |a ESP | ||
| 082 | |a 909. |b HIS V. 3 | ||
| 240 | 1 | 1 | |a [Historia de las naciones] |
| 245 | 0 | 0 | |a Historia de las naciones : |b popular, concisa, pintoresca y autorizada relación de cada una de las naciones desde los tiempos más remotos hasta nuestros días : tomo III / |c Tr. por G. Boladeres Ibern. |
| 264 | |a Barcelona, España : |b Segui, |c fecha no identificada | ||
| 300 | |a 523 p., [19] láminas, [14] mapas ; |c 27.5 cm. | ||
| 336 | |a texto |b txt |2 rdacontenido | ||
| 337 | |a sin mediación |b n |2 rdamedio | ||
| 338 | |a volumen |b nc |2 rdasoporte | ||
| 501 | |a Encuadernación particular | ||
| 520 | |a Obra que originalmente constaba de 130 cuadernos de 16 páginas cada uno, en la que se presenta de manera sucinta el desarrollo histórico de la gran mayoría de los países actuales, desde sus orígenes hasta principios del siglo XX. Redactado por destacados historiadores de manera clara y sencilla, se acompañan los textos de coloridas ilustraciones. La enciclopedia originalmente fue publicada por Hutchinson y Compañía y en español la editó en España Miguel Segui. | ||
| 561 | |a Ex libris de Bibl. Domus. San Cayetano | ||
| 562 | |a Falta cubierta | ||
| 649 | |a XX | ||
| 650 | |a Historia Universal - |x Tema Principal | ||
| 650 | |a Bélgica - |x Historia - |y 57 a.C.-Siglo V d.C | ||
| 650 | |a Bélgica - |x Historia - |y 448-1482 | ||
| 650 | |a Bélgica - |x Historia - |y Dominación Merovingia de Austrasia, 448-751 | ||
| 650 | |a Bélgica - |x Historia - |y Dominación Carolingia, 751-843 | ||
| 650 | |a Bélgica - |x Historia - |y 843-1384 | ||
| 650 | |a Bélgica - |x Historia - |y Dominación y Conquistas Borgoñonas, 1384-1482 | ||
| 650 | |a Bélgica - |x Historia - |y Casa de Habsburgo, 1482-1795 | ||
| 650 | |a Bélgica - |x Historia - |y 1482-1700 | ||
| 650 | |a Bélgica - |x Historia - |y 1700-1714 | ||
| 650 | |a Bélgica - |x Historia - |y 1714-1795 | ||
| 650 | |a Bélgica - |x Historia - |y Anexión a Francia, 1795-1815 | ||
| 650 | |a Bélgica - |x Historia - |y Guillermo I, 1815-1830 | ||
| 650 | |a Bélgica - |x Historia - |y Gobierno Provisional, 1830-1831 | ||
| 650 | |a Bélgica - |x Historia - |y Casa de Sajonia-Coburgo y Gotha, 1831 en Adelante | ||
| 650 | |a Bélgica - |x Historia - |y Leopoldo I, 1831-1865 | ||
| 650 | |a Bélgica - |x Historia - |y Leopoldo II, 1865-1909 | ||
| 650 | |a Bélgica - |x Historia - |y Alberto I, 1909-1934 | ||
| 650 | |a Bélgica - |x Historia - |y Ocupación Alemana, 1914-1918 | ||
| 650 | |a Holanda - |x Historia - |y Dominación Romana, 57 a.C.-476 d.C. | ||
| 650 | |a Holanda - |x Historia - |y 448-1482 | ||
| 650 | |a Holanda - |x Historia - |y Dominación Merovingia de Austrasia, 448-751 | ||
| 650 | |a Holanda - |x Historia - |y Dominación Carolingia, 751-843 | ||
| 650 | |a Holanda - |x Historia - |y 843-1430 | ||
| 650 | |a Holanda - |x Historia - |y Dominación y Conquistas Borgoñonas, 1430-1482 | ||
| 650 | |a Holanda - |x Historia - |y Casa de Habsburgo, 1482-1568 | ||
| 650 | |a Holanda - |x Historia - |y 1482-1506 | ||
| 650 | |a Holanda - |x Historia - |y 1506-1555 | ||
| 650 | |a Holanda - |x Historia - |y 1555-1568 | ||
| 650 | |a Holanda - |x Historia - |y Guerra de los Ochenta Años, 1568-1648 | ||
| 650 | |a Holanda - |x Historia - |y 1568-1581 | ||
| 650 | |a Holanda - |x Historia - |y 1581-1609 | ||
| 650 | |a Holanda - |x Historia - |y 1609-1621 | ||
| 650 | |a Holanda - |x Historia - |y 1621-1648 | ||
| 650 | |a Holanda - |x Historia - |y Provincias Unidas, 1648-1795 | ||
| 650 | |a Holanda - |x Historia - |y Guillermo II de Orange-Nassau, 1647-1650 | ||
| 650 | |a Holanda - |x Historia - |y Primera Era sin Estatúder, 1650-1672 | ||
| 650 | |a Holanda - |x Historia - |y Guillermo III de Orange-Nassau, 1672-1702 | ||
| 650 | |a Holanda - |x Historia - |y Segunda Era sin Estatúder, 1702-1747 | ||
| 650 | |a Holanda - |x Historia - |y Guillermo IV de Orange-Nassau, 1747-1751 | ||
| 650 | |a Holanda - |x Historia - |y Guillermo V de Orange-Nassau, 1751-1795 | ||
| 650 | |a Holanda - |x Historia - |y Ocupación Francesa, 1795-1813 | ||
| 650 | |a Holanda - |x Historia - |y República Bátava, 1795-1806 | ||
| 650 | |a Holanda - |x Historia - |y Reino de Holanda, 1806-1810 | ||
| 650 | |a Holanda - |x Historia - |y Anexión al Primer Imperio Francés, 1810-1813 | ||
| 650 | |a Holanda - |x Historia - |y Guillermo VI de Orange-Nassau, 1813-1815 | ||
| 650 | |a Holanda - |x Historia - |y Reino de los Países Bajos, 1815 en Adelante | ||
| 650 | |a Holanda - |x Historia - |y Guillermo I, 1815-1840 | ||
| 650 | |a Holanda - |x Historia - |y Guillermo II, 1840-1849 | ||
| 650 | |a Holanda - |x Historia - |y Guillermo III de Orange-Nassau, 1672-1702 | ||
| 650 | |a Holanda - |x Historia - |y Guillermina I, 1890-1948 | ||
| 650 | |a Holanda - |x Historia - |y Regencia de Emma de Waldeck-Pyrmont, 1890-1898 | ||
| 650 | |a Holanda - |x Historia - |y 1897-1901 | ||
| 650 | |a Holanda - |x Historia - |y 1901-1905 | ||
| 650 | |a Holanda - |x Historia - |y 1905-1908 | ||
| 650 | |a Medio Oriente - |x Historia | ||
| 650 | |a Arabia - |x Historia | ||
| 650 | |a Irak - |x Historia - |y Mesopotamia, 10000 a.C.-637 d.C | ||
| 650 | |a Irak - |x Historia - |y Imperio Babilónico y Asirio | ||
| 650 | |a Irak - |x Historia - |y Nuevo Imperio Babilónico, 625-539 a.C | ||
| 650 | |a Irak - |x Historia - |y Nuevo Imperio Asirio, Siglos VIII-VII a.C | ||
| 650 | |a Irak - |x Historia - |y Dominación Persa, 539-331 a.C | ||
| 650 | |a Irak - |x Historia - |y Dominación Griega y Seléucida, 331-129 a.C | ||
| 650 | |a Irak - |x Historia - |y Dominación Persa-Sasánida, 129 a.C.-117 d.C. | ||
| 650 | |a Irak - |x Historia - |y Dominación Romana y Bizantina, 117-637 | ||
| 650 | |a Imperio Musulmán - |x Historia - |y Predicación de Mahoma, 610-632 | ||
| 650 | |a Imperio Musulmán - |x Historia - |y Califatos Ortodoxos, 632-660 | ||
| 650 | |a Imperio Musulmán - |x Historia - |y Dinastía Omeya, 660-1492 | ||
| 650 | |a Imperio Musulmán - |x Historia - |y Califato de Damasco, 660-750 | ||
| 650 | |a Imperio Musulmán - |x Historia - |y Dinastía Abasida, 750-1258 | ||
| 650 | |a Imperio Musulmán - |x Historia - |y Dinastía de los Mamelucos, 1250-1517 | ||
| 650 | |a Imperio Musulmán - |x Historia - |y Imperio Otomano, 1300-1922 | ||
| 650 | |a Austria - |x Historia Antigua | ||
| 650 | |a Austria - |x Historia - |y Dominación Romana de Nórico, 15 a.C.-Siglo IV d.C. | ||
| 650 | |a Austria - |x Historia - |y Reino de Nórico | ||
| 650 | |a Austria - |x Historia - |y Invasiones, Siglos IV-VI | ||
| 650 | |a Austria - |x Historia - |y Casa de Babenberg, 976-1248 | ||
| 650 | |a Austria - |x Historia - |y Interregno, 1248-1278 | ||
| 650 | |a Austria - |x Historia - |y Casa de Habsburgo, 1278-1918 | ||
| 650 | |a Austria - |x Historia - |y 1278-1365 | ||
| 650 | |a Austria - |x Historia - |y División Albertina y Leopoldina, 1365-1457 | ||
| 650 | |a Austria - |x Historia - |y Reunificación, 1457-1520 | ||
| 650 | |a Austria - |x Historia - |y 1520-1804 | ||
| 650 | |a Austria - |x Historia - |y Imperios Austríaco y Austro-Húngaro, 1804-1918 | ||
| 650 | |a Hungría - |x Historia Antigua | ||
| 650 | |a Hungría - |x Historia - |y Dominación Romana de Panonia, 35 a.C.-Siglo IV d.C. | ||
| 650 | |a Hungría - |x Historia - |y Invasiones Hunas, 380-454 | ||
| 650 | |a Hungría - |x Historia - |y Dominación Ostrogoda de Panonia, 456-471 | ||
| 650 | |a Hungría - |x Historia - |y Dominación Lombarda de Panonia, 530-568 | ||
| 650 | |a Hungría - |x Historia - |y Imperio Avaro, 568-790 | ||
| 650 | |a Hungría - |x Historia - |y 790-894 | ||
| 650 | |a Hungría - |x Historia - |y Principado y Reino Independiente, 894-1526 | ||
| 650 | |a Hungría - |x Historia - |y Dinastía Arpád, 894-1301 | ||
| 650 | |a Hungría - |x Historia - |y 1301-1526 | ||
| 650 | |a Hungría - |x Historia - |y Dominación Otomano-Austríaca, 1526-1686 | ||
| 650 | |a Hungría - |x Historia - |y Dominación de la Casa de Habsburgo, 1686-1918 | ||
| 650 | |a Hungría - |x Historia - |y 1686-1848 | ||
| 650 | |a Hungría - |x Historia - |y 1848-1918 | ||
| 650 | |a España - |x Historia Antigua | ||
| 650 | |a España - |x Historia - |y Período Prerromano hasta 218 a.C | ||
| 650 | |a España - |x Historia - |y Período Romano, 218 a.C.-414 d.C | ||
| 650 | |a España - |x Historia - |y Período Gótico, 414-711 | ||
| 650 | |a España - |x Historia - |y Período Arabe, 711-1492 | ||
| 650 | |a España - |x Historia - |y Fernando e Isabel, 1479-1516 | ||
| 650 | |a España - |x Historia - |y Casa de Austria, 1516-1700 | ||
| 650 | |a España - |x Historia - |y Borbones, 1700-1931 | ||
| 650 | |a España - |x Historia - |y Siglo XVIII | ||
| 650 | |a España - |x Historia - |y Siglo XIX | ||
| 650 | |a Suiza - |x Historia - |y Confederación Suiza 1218-1315 | ||
| 650 | |a Suiza - |x Historia - |y Siglo XIV | ||
| 650 | |a Suiza - |x Historia - |y Siglo XV | ||
| 650 | |a Suiza - |x Historia - |y Siglo XVI | ||
| 650 | |a Suiza - |x Historia - |y Siglo XVII | ||
| 650 | |a Suiza - |x Historia - |y Siglo XVIII | ||
| 650 | |a Suiza - |x Historia - |y Siglo XIX | ||
| 650 | |a Suiza - |x Historia - |y Siglo XX | ||
| 650 | |a Portugal - |x Historia - |y Período Arabe, 711-1139 | ||
| 650 | |a Portugal - |x Historia - |y Casa de Borgoña, 1139-1383 | ||
| 650 | |a Portugal - |x Historia - |y Interreinos, 1383-1385 | ||
| 650 | |a Portugal - |x Historia - |y Casa de Avis, Exploraciones y Colonización, 1385-1581 | ||
| 650 | |a Portugal - |x Historia - |y Casa de Austria, 1581-1640 | ||
| 650 | |a Portugal - |x Historia - |y Casa de Braganza, 1640-1910 | ||
| 650 | |a Noruega - |x Historia - |y Casa de Haroldo, 860-1308 | ||
| 650 | |a Noruega - |x Historia - |y Dinastía de Bjälbo, 1319-1387 | ||
| 650 | |a Noruega - |x Historia - |y Margarita I, 1380-1412 | ||
| 650 | |a Noruega - |x Historia - |y Unión de Kalmar, 1389-1523 | ||
| 650 | |a Noruega - |x Historia - |y Cristián IV, 1588-1648 | ||
| 650 | |a Noruega - |x Historia - |y Guerra Torstenson-Hannibal, 1643-1645 | ||
| 650 | |a Noruega - |x Historia - |y Gran Guerra del Norte, 1700-1721 | ||
| 650 | |a Noruega - |x Historia - |y Unión con Suecia, 1814-1905 | ||
| 650 | |a Suecia - |x Historia - |y Edad de Hierro, 500 a.C.-1087 d.C | ||
| 650 | |a Suecia - |x Historia - |y Período Vikingo, 800-1087 | ||
| 650 | |a Suecia - |x Historia - |y Edad Media, 1087-1387 | ||
| 650 | |a Suecia - |x Historia - |y Unión de Kalmar, 1389-1523 | ||
| 650 | |a Suecia - |x Historia - |y Dinastía Vasa, 1523-1654 | ||
| 650 | |a Suecia - |x Historia - |y Dinastía Palatina, 1654-1720 | ||
| 650 | |a Suecia - |x Historia - |y Casa de Hesse, 1720-1751 | ||
| 650 | |a Suecia - |x Historia - |y Dinastía Holstein-Gottorp, 1751-1818 | ||
| 650 | |a Suecia - |x Historia - |y Dinastía Bernadotte, 1818 en Adelante | ||
| 650 | |a Suecia - |x Historia - |y Unión con Noruega, 1814-1905 | ||
| 650 | |a Suecia - |z Historia - |y Gustavo V, 1907-1950 | ||
| 650 | |a Dinamarca - |x Historia - |y Reyes Vikingos, 808-1035 | ||
| 650 | |a Dinamarca - |x Historia - |y Descendientes de Estrido, 1086-1370 | ||
| 650 | |a Dinamarca - |x Historia - |y Margarita I, 1375-1412 | ||
| 650 | |a Dinamarca - |x Historia - |y Casa de Oldenburgo, 1448-1863 | ||
| 650 | |a Italia - |x Historia - |y Edad Media, 476-1402 | ||
| 650 | |a Italia - |x Historia - |y Renacimiento, 1402-1559 | ||
| 650 | |a Italia - |x Historia - |y Dominación Española, 1559-1713 | ||
| 650 | |a Italia - |x Historia - |y 1713-1796 | ||
| 650 | |a Italia - |x Historia - |y Dominación Napoleónica, 1796-1814 | ||
| 650 | |a Italia - |x Historia - |y Período de Unidad, 1815-1870 | ||
| 650 | |a Italia - |x Historia - |y Reino, 1861-1946 | ||
| 650 | |a Turquía - |x Historia - |y Sultanato Selyúcidas, 1071-13000 | ||
| 650 | |a Turquía - |x Historia - |y Imperio Otomano, 1300-1922 | ||
| 650 | |a Turquía - |x Historia - |y Expansión Otomana, 1300-1683 | ||
| 650 | |a Turquía - |x Historia - |y Decadencia Otomana, 1683-1922 | ||
| 650 | |a Rusia - |x Historia - |y Período Kevian-Rus, 862-1240 | ||
| 650 | |a Rusia - |x Historia - |y Período Tártaro-Mongol, 1240-1462 | ||
| 650 | |a Rusia - |x Historia - |y Período Zarista, 1462-1917 | ||
| 700 | |a Boladeres Ibern, Guillermo |e (traducción) | ||
| 910 | |a Fondo General | ||
| 920 | |a Impresos - Libros | ||
| 930 | |a Libros Antiguos y Raros | ||
| 905 | |a 108 | ||
| 901 | |a 0500275689 |b IT2 |c LRA |u 20250526 | ||
| 902 | |a https://opac.biblio.iteso.mx/vufind/Record/000380811 | ||